Lakásszövetkezetek és társasházak egyes kérdései

Elmentve itt :
Bibliográfiai részletek
Szerző: Szalai Ferencné
További közreműködők: nincs megadva (Témavezető)
Dokumentumtípus: Szakdolgozat
Megjelent: 1975
Tárgyszavak:
Online Access:http://diploma.bibl.u-szeged.hu/18845
LEADER 00569nta a2200157 i 4500
001 dipl18845
005 20130314075029.0
008 120104s1975 hu om 0|| zxx d
040 |a SZTE Diploma Repozitórium  |b hun 
041 |a zxx 
100 1 |a Szalai Ferencné 
245 1 0 |a Lakásszövetkezetek és társasházak egyes kérdései  |h [elektronikus dokumentum] /  |c Ferencné Szalai 
260 |c 1975 
650 4 |a Jogi és igazgatási tanulmányok 
700 1 |a nincs megadva  |e ths 
856 4 0 |u http://diploma.bibl.u-szeged.hu/id/eprint/18845/1/1975_szalai_ferencne.pdf  |z Dokumentum-elérés